| 000 | 01049nam a2200241 i 4500 | ||
|---|---|---|---|
| 001 | 151621 | ||
| 003 | ES-MaACL | ||
| 005 | 20250723063350.0 | ||
| 008 | 050808s1841 fr |||| | fre d | ||
| 040 |
_aCAM _bspa _cCAM |
||
| 100 | 1 |
_aAubanel, Honoré, _d1811-1863 _eaut _9125739 |
|
| 245 | 1 | 0 |
_aRecherches statistiques sur l'aliénation mentale, faites à l'hospice de Bicêtre / _cpar H. Aubanel et A.M. Thore. |
| 260 |
_aParis : _bLibrairie des Sciences médicales de Just Rouvier, _c1841 _f(Imp. d'Hippolyte Tilliard) |
||
| 300 |
_aVIII, 206 páginas ; _c21 cm. |
||
| 530 | _aDisponible en formato digital | ||
| 650 | 7 |
_aEnfermedades mentales _2embne _912263 |
|
| 700 | 1 |
_aThore, Ange-Marie, _d-1856 _eaut _9133236 |
|
| 852 |
_aES-MaACL _cDEPO _dOlim: G-15440 _fEx-libris de Mateo Seoane _jR-1362(2) _xHolandesa |
||
| 856 |
_uhttps://gallica.bnf.fr/ark:/12148/bpt6k76600h _yVersión en línea _z(Gallica. Bibliothèque nationale de France) |
||
| 942 |
_2udc _cMONANT _n0 |
||
| 999 |
_c151621 _d151621 |
||